000 00572nam a2200181Ia 4500
008 090630s9999 xx 000 0 und d
082 _b13917
100 _aहसमनीस द. का.
245 _aऋतुगंधा.
_cहसमनीस द. का.
260 _bगुलमोहर - सातारा.
_c1984
300 _a223
600 _aहसमनीस द. का.
630 _aऋतुगंधा.
655 _aकादंबरी.
700 _aहसमनीस द. का.
730 _aऋतुगंधा.
942 _cBOOK
999 _c265773
_d265773